000 01229nam a2200397 4500
001 2386
003 DO-SdBPM
005 20250902103827.0
007 ta
008 850110s2011 sp a 000 spa
017 _a
_b
020 _a9788420464473
035 _a
040 _aDO-SdBPM
_bspa
_cBPMSU
_erda
041 1 _aspa
_h
080 0 _a
082 4 _a843.91
_bS473p 2011
_222
100 1 _aSempé, Jean-Jaques
_d1932-
_eautor
245 1 3 _aEl pequeño Nicolás /
_cSempé Goscinny ; traductor Esther Benítez
_h
250 _a56a. ed.
264 _aMadrid :
_bAlfaguara,
_c2011
300 _a139 páginas :
_bilustrtaciones ;
_c21 cm
336 _atexto
_btxt
_2rdacontent
337 _asin mediación
_bn
_2rdamedia
338 _avolumen
_bnc
_2rdacarrier
490 0 _a Alfaguara infantil
500 _aIncluye datos biográficos del autor
534 _pTítulo original :
_tLe petit Nicolas
_a
590 _aInventariado, 2025/VM
650 7 _aCuentos infantiles franceses
650 7 _aPadres e hijos
_vCuentos infantiles
650 7 _aLiteratura infantil fracesa
700 1 _aBenítez Esther
_etraductora
_c
910 _aVMateo V. Control de calidad. BPMSU
942 _2ddc
_cBK
999 _c11846
_d11846